Linga vittik samajtattwa/ (Record no. 11586)

MARC details
000 -LEADER
fixed length control field 00495nam a22001937a 4500
005 - DATE AND TIME OF LATEST TRANSACTION
control field 20230822163052.0
008 - FIXED-LENGTH DATA ELEMENTS--GENERAL INFORMATION
fixed length control field 230822b ||||| |||| 00| 0 eng d
020 ## - INTERNATIONAL STANDARD BOOK NUMBER
International Standard Book Number 9789389865257
040 ## - CATALOGING SOURCE
Original cataloging agency IN-DiNC
Transcribing agency IN-DiNC
041 ## - LANGUAGE CODE
Language code of sung or spoken text Assamese
082 ## - DEWEY DECIMAL CLASSIFICATION NUMBER
Classification number 305.4
Item number SAI
100 ## - MAIN ENTRY--PERSONAL NAME
Personal name Saikia, Utpal
Relator term Author
245 ## - TITLE STATEMENT
Title Linga vittik samajtattwa/
Statement of responsibility, etc. by Utpal Saikia
250 ## - EDITION STATEMENT
Edition statement 2nd ed.
260 ## - PUBLICATION, DISTRIBUTION, ETC.
Place of publication, distribution, etc. Dibrugarh:
Name of publisher, distributor, etc. Banalata,
Date of publication, distribution, etc. 2021.
300 ## - PHYSICAL DESCRIPTION
Extent 276p.
650 ## - SUBJECT ADDED ENTRY--TOPICAL TERM
Topical term or geographic name entry element Sociology of gender
942 ## - ADDED ENTRY ELEMENTS (KOHA)
Source of classification or shelving scheme Dewey Decimal Classification
Koha item type Books
Holdings
Withdrawn status Lost status Source of classification or shelving scheme Damaged status Not for loan Collection code Home library Current library Shelving location Date acquired Cost, normal purchase price Total Checkouts Full call number Barcode Date last seen Date last checked out Copy number Price effective from Koha item type
    Dewey Decimal Classification     Sociology Naharkatiya College Library Naharkatiya College Library General Stacks 22/08/2023 320.00 7 305.4 SAI 29584 25/05/2024 13/05/2024 1 22/08/2023 Books
    Dewey Decimal Classification     Sociology Naharkatiya College Library Naharkatiya College Library General Stacks 22/08/2023 320.00   305.4 SAI 29585 22/08/2023   2 22/08/2023 Books
    Dewey Decimal Classification     Sociology Naharkatiya College Library Naharkatiya College Library General Stacks 22/08/2023 320.00 16 305.4 SAI 29586 28/03/2026 20/02/2026 3 22/08/2023 Books

Naharkatiya College © 2020. All rights reserved.

Powered By